Normal view
MARC view
- Pal.R.etal
Entry Personal Name
001 - CONTROL NUMBER
- control field: 775
003 - CONTROL NUMBER IDENTIFIER
- control field: OSt
005 - DATE AND TIME OF LATEST TRANSACTION
- control field: 20160928084613.0
008 - FIXED-LENGTH DATA ELEMENTS
- fixed length control field: 160928|| aca||aabn | a|a d
040 ## - CATALOGING SOURCE
- Original cataloging agency: OSt
100 ## - HEADING--PERSONAL NAME
- Personal name: Pal.R.etal